La Rifa de la olla de la ciudad de Barcelona : (Record no. 137343)

MARC details
000 -CABECERA
campo de control de longitud fija 02089nam a2200361 a 4500
001 - NÚMERO DE CONTROL
campo de control 991052901159706706
003 - IDENTIFICADOR DEL NÚMERO DE CONTROL
campo de control ES-BaIT
005 - FECHA Y HORA DE LA ÚLTIMA TRANSACCIÓN
campo de control 20260401115013.0
008 - DATOS DE LONGITUD FIJA--INFORMACIÓN GENERAL
campo de control de longitud fija 000419s1802 spc|||||| 000 ||spa|c
035 ## - NÚMERO DE CONTROL DEL SISTEMA
Número de control de sistema (ES-BaCBU).b38642931
035 ## - NÚMERO DE CONTROL DEL SISTEMA
Número de control de sistema (OCoLC)1044350578
040 ## - FUENTE DE LA CATALOGACIÓN
Centro catalogador/agencia de origen ES-BaCBU
Lengua de catalogación cat
Centro/agencia transcriptor ES-BaCBU
080 ## - NÚMERO DE LA CLASIFICACIÓN DECIMAL UNIVERSAL
Número de la Clasificación Decimal Universal 860-2"18"
245 03 - MENCIÓN DE TÍTULO
Título La Rifa de la olla de la ciudad de Barcelona :
Resto del título que para sustento de un gran número de pobres ha dispuesto la Junta destinada á este fin : Saynete nuevo para representarse en el Teatro de la Ciudad de Barcelona
260 ## - PUBLICACIÓN, DISTRIBUCIÓN, ETC.
Lugar de publicación, distribución, etc. Con Licencia Barcelona :
Nombre del editor, distribuidor, etc. En la Oficina de Juan Francisco Piferrer, Impresor de S. M. véndese en su librería administrada por Juan Sellent
Fecha de publicación, distribución, etc. Año1802
300 ## - DESCRIPCIÓN FÍSICA
Extensión 39, [1] p.;
Dimensiones 12º (16 cm)
500 ## - NOTA GENERAL
Nota general 28 línies. Reclams
500 ## - NOTA GENERAL
Nota general P10: D3, H7
530 ## - NOTA DISPONIBLE DE FORMULARIO FÍSICO ADICIONAL
Nota de formato físico adicional disponible Reproducció digital disponible a Biblioescènic
593 ## - Camps col·lecció exemplar
Signatura topogràfica i/o núm. de registre VIT-059/05
Notes Enquadernació holandesa amb puntes, en color blau, guardes marbrejades. Etiqueta d'antic topogràfic Vitrina A Estante 2 en full de guarda volant anterior. Relligat en volum factici, títol al llom: Entremeses raros VI
Història de l’exemplar. Procedència Ex-libris de la Colección teatral Arturo Sedó a la contracoberta anterior. Segell de la Colección teatral Arturo Sedó a portada. Llistat manuscrit al full de guarda anterior de les obres que conté el volum
Digitalització Exemplar digitalitzat per Crossland, 2022
Nom de la col·lecció especial Artur Sedó
650 #0 - PUNTO DE ACCESO ADICIONAL DE MATERIA--TÉRMINO DE MATERIA
Término de materia o nombre geográfico como elemento de entrada Sainets castellans
Subdivisión cronológica S. XIX
Subdivisión de forma Textos dramàtics
9 (RLIN) 169202
700 1# - ENTRADA AGREGADA--NOMBRE PERSONAL
Nombre de persona Piferrer, Joan Francesc,
Fechas asociadas al nombre 1771-
Término indicativo de función/relación impressor
9 (RLIN) 152051
700 1# - ENTRADA AGREGADA--NOMBRE PERSONAL
Nombre de persona Sellent, Joan
9 (RLIN) 65695
730 0# - ENTRADA AGREGADA--TÍTULO UNIFORME
Título uniforme Col·lecció digital Biblioescènic del MAE
9 (RLIN) 69172
752 ## - ENTRADA AGREGADA--NOMBRE JERÁRQUICO DEL LUGAR
País o entidad superior Catalunya
Ciudad Barcelona
856 41 - LOCALIZACIÓN Y ACCESO ELECTRÓNICOS
Nota pública Accés lliure (Biblioescènic)
Identificador Uniforme del Recurso <a href="https://books.cdmae.cat/visorpdf/?recurs=SV0059-05">https://books.cdmae.cat/visorpdf/?recurs=SV0059-05</a>
856 42 - LOCALIZACIÓN Y ACCESO ELECTRÓNICOS
Nota pública Fitxa del catàleg manual
Identificador Uniforme del Recurso <a href="https://www.cdmae.cat/sedo/imgtitulos/061/P0000152.gif">https://www.cdmae.cat/sedo/imgtitulos/061/P0000152.gif</a>
902 ## - ELEMENTOS DE DATOS B LOCAL, LDB (RLIN)
a Patrimoni
902 ## - ELEMENTOS DE DATOS B LOCAL, LDB (RLIN)
a Fons antic
907 ## - ELEMENTOS DE DATOS G LOCAL, LDG (RLIN)
a .b38642931
b 28-05-21
c 13-05-08
d 19-04-00
e m
f a
g p
h spa
i spc
j 3
k 2
908 ## - COLOCAR PARÁMETRO DE COMANDO (RLIN)
Colocar parámetro de comando BPEB
-- ANC
-- AHCB
-- CDMAE
942 ## - ELEMENTOS DE ENTRADA AGREGADA (KOHA)
Fuente del sistema de clasificación o colocación Clasificación decimal universal
Tipo de ítem Koha Digital
Holdings
Estado de retiro Estado de pérdida Fuente del sistema de clasificación o colocación Estado dañado No para préstamo Código de colección Localización permanente Ubicación/localización actual Ubicación en estantería Fecha de adquisición Fuente de adquisición Total de préstamos Signatura topográfica completa Código de barras Fecha visto por última vez Precio válido a partir de Tipo de ítem Koha
    Clasificación decimal universal   Exclòs de préstec Artur Sedó Biblioteca Barcelona Biblioteca Barcelona BCN Magatzem Sedó Vitrina 01/04/2026 Reconversió   VIT-059/05 1000059055 01/04/2026 01/04/2026 Antiquària

Powered by Koha